| 000 | 00000nam 2200000za 4500 |
| 001 | 9.803512 |
| 003 | CaOODSP |
| 005 | 20221107135227 |
| 007 | cr ||||||||||| |
| 008 | 150407s2015 oncoa|||o f00| 0 eng d |
| 040 | |aCaOODSP|beng |
| 043 | |an-cn--- |
| 086 | 1 |aCH4-129/2015E-PDF |
| 245 | 02|aA crown of maples |h[electronic resource] : |bconstitutional monarchy in Canada. |
| 250 | |a2015 ed. |
| 260 | |a[Ottawa] : |bCanadian Heritage, |cc2015. |
| 300 | |a65, xxi p. : |bglossary, photographs. |
| 500 | |aThe catalogue number (CH4-129/2012E) and ISBN (978-1-100-20079-8) for the 2012 print edition have been copied in this electronic publication. |
| 500 | |aIssued also in French under title: La Couronne canadienne: la monarchie constitutionnelle au Canada. |
| 690 | 07|aMonarchy|2gcpds |
| 690 | 07|aState ceremonial|2gcpds |
| 710 | 1 |aCanada. |bCanadian Heritage. |
| 775 | 08|tLa couronne canadienne |w(CaOODSP)9.803514 |
| 856 | 40|qPDF|s9.29 MB|uhttps://publications.gc.ca/collections/collection_2015/pc-ch/CH4-129-2015-eng.pdf |